LEADER 01098nam a2200277 i 4500 001 000000153797 003 CaOOAMICUS 005 20061003000000.0 008 061003s1947 it u000 u ita u 013 $a131140 040 $aSeMil$bita 100 1 $aKeller, Gottfried.$0(OLS)http://semarc/name/60191 240 10$aSette leggende.$0(OLS)http://semarc/title/225020 245 10$aNovelle zurighesi /$cGottfried Keller ; versione di Lavinia Mazzucchetti. 260 $aMilano :$bU. Hoepli,$c1947. 300 $a414 p. ;$c22 cm. 500 $aFondo Ciprandi. 650 4$aLetteratura svizzera.$0(OLS)http://semarc/subject/30080 700 1 $aMazzucchetti, Lavinia,$d<1889-1965>.$0(OLS)http://semarc/name/1551 700 1 $aPocar, Ervino,$d<1892-1981>.$0(OLS)http://semarc/name/5929 850 $aSeMil 852 $aSeMil$W1$xVenegono$y1$m1W V 270$j105686$B105686$CSeMilBibl$Z2$F114889 $81 941 1 $a1 961 $aOmaggio: Ciprandi dott. Paolo 996 $6245$aNovelle zurighesi$9(OLS)http://semarc/title/225019 996 $6260$aMilano :$bU. Hoepli$9(OLS)http://semarc/publisher/33212 LEADER 00844nam a2200217 i 4500 001 000000048236 003 CaOOAMICUS 005 20120509000000.0 008 120509s1926 xx u000 u fre u 013 $a19406 040 $aSeMil$bita 100 1 $aRabeau, Gaston.$0(OLS)http://semarc/name/16109 245 10$aIntroduction a l'Étude de la Théologie /$cGaston Rabeau. 260 $aParis :$bBloud & Gay,$c1926. 300 $aXII, 413 p. ;$c23 cm. 500 $aContiene : Appendice ; Bibliographie. 650 4$aTeologia - Introduzioni.$0(OLS)http://semarc/subject/3522 850 $aSeMil 852 $aSeMil$W1$xVenegono$y1$m2D III 96$j14391$B14391$CSeMilBibl$Z2$F14391 $81 996 $6245$aIntroduction a l'Étude de la Théologie$9(OLS)http://semarc/title/72944 996 $6260$aParis :$bBloud & Gay$9(OLS)http://semarc/publisher/31180